| 000 | 01009nam a22003017a 4500 | ||
|---|---|---|---|
| 003 | CHAP | ||
| 005 | 20220329140036.0 | ||
| 008 | 971013s1953 r 00010 d | ||
| 010 | _a46078 | ||
| 011 | _a47050 | ||
| 035 | _a51191 | ||
| 040 | _cCHAP | ||
| 082 |
_a630.7016 _bU5 |
||
| 110 |
_aUNESCO. Departamento de Educación _9116154 |
||
| 245 |
_aEnseñanza agrícola _b: bibliografía selecta |
||
| 260 |
_aParis : _bDepartamento de Educación, _c1953 |
||
| 300 | _a58 p. | ||
| 490 | _aDocumentos especiales de educación UNESCO/ED/Occ./15/ | ||
| 590 |
_aBATCH-UPD _b10 _c20130110 _lUCH01 _h2209 |
||
| 590 |
_aBATCH-UPD _b10 _c20130410 _lUCH01 _h1513 |
||
| 590 |
_aBATCH-UPD _b10 _c20130914 _lUCH01 _h1241 |
||
| 590 |
_aCONVERSION _b10 _c20130109 _lUCH01 _h1325 |
||
| 650 | 1 | 4 |
_aEducación agrícola _xBibliografía. _935499 |
| 830 | 0 |
_aDocumentos especiales de educación UNESCO/ED/Occ./15/ _933278 |
|
| 901 | _aBK | ||
| 942 | _cLIBRO | ||
| 949 |
_a630.7016 U5 _bBC _cC _d33724000506119 _eC _h27185 _i51191 _mD _si |
||
| 999 |
_c46078 _d46078 |
||